000 00304nam a2200121Ia 4500
005 20251222143157.0
008 251222s9999||||xx |||||||||||||| ||spa||
020 _a978-84-8322-287-6
082 _a004.68/C61
245 0 _aFundamentos de Redes Inalámbricas
264 _bPearson Educación
942 _cLIB
999 _c12923
_d12923